| 000 | 00666nam a22001937a 4500 | ||
|---|---|---|---|
| 005 | 20150427110807.0 | ||
| 010 | _aENG-112313 | ||
| 020 |
_a9781138790773 _c995.00 |
||
| 035 | _aEN-95845 | ||
| 037 | _bDBAD/PUB | ||
| 082 | _a363.3250954792 | ||
| 100 | _aRath, Saroj Kumar | ||
| 245 |
_aFragile frontiers : _cby Saroj Kumar Rath _bthe secret history of Mumbai terror attacks / |
||
| 260 |
_aNew Delhi _bRoutledge _c2014 |
||
| 270 |
_a912,Tolstoy House, 15-17 Tolstoy Marg, Connaught Place _bNew Delhi _e110001 |
||
| 300 |
_axxi,356p. _c23cm(Hb) |
||
| 500 | _aIncludes bibliographical references and index | ||
| 942 |
_2ddc _cEN _mRAT _h363.3250954792 |
||
| 999 |
_c91994 _d91994 |
||